[Event "TUR-ch Men 2018"]
[Site "Kemer"]
[Date "2018.10.17"]
[Round "9.4"]
[White "Baglan, Esat"]
[Black "Zor, Alber Kadir"]
[Result "1-0"]
[WhiteElo "2343"]
[BlackElo "2137"]
[Annotator "NA"]
[PlyCount "61"]
[EventDate "2018.10.26"]
[EventType "tourn"]
[EventCountry "TUR"]
[SourceTitle "playchess.com"]
[Source "ChessBase"]
[SourceQuality "1"]
[TimeControl "5400+30"]

1. e4 {[%emt 0:00:30]} c6 {[%emt 0:00:30]} 2. d4 {[%emt 0:00:00]} d5 {[%emt 0:00:30]} 3. e5 {[%emt 0:00:00]} Bf5 {[%emt 0:00:00]} 4. Nf3 {[%emt 0:00:00]} e6 {[%emt 0:00:00]} 5. Be2 {[%emt 0:00:00]} Ne7 {[%emt 0:00:30]} 6. O-O {[%emt 0:00:30]} c5 {[%emt 0:00:00]} 7. c4 {[%emt 0:01:30]} Nbc6 {[%emt 0:01:00]} 8. dxc5 {[%emt 0:00:30]} d4 {[%emt 0:00:30]} 9. Qb3 {[%emt 0:00:30]} Qc7 {[%emt 0:02:30]} 10. Na3 {[%emt 0:00:30]} a6 {[%emt 0:00:30]} 11. Qa4 {[%emt 0:01:30]} O-O-O {[%emt 0:00:30]} 12. b4 {[%emt 0:12:30]} Ng6 {[%emt 0:00:30]} 13. Nb5 {[%emt 0:00:30]} axb5 {[%emt 0:05:30]} 14. cxb5 {[%emt 0:05:30]} Bc2 {[%emt 0:15:30]} 15. Qxc2 {[%emt 0:02:30]} d3 {[%emt 0:00:30]} 16. b6 {[%emt 0:00:30]} dxc2 {[%emt 0:10:30]} 17. bxc7 {[%emt 0:01:30]} Kxc7 {[%emt 0:00:00]} 18. a3 {[%emt 0:00:30]} Be7 {[%emt 0:01:00]} 19. Ra2 {[%emt 0:00:30]} Ncxe5 {[%emt 0:00:30]} 20. Nxe5 {[%emt 0:02:30]} Nxe5 {[%emt 0:00:00]} 21. Bf4 {[%emt 0:00:00]} Bf6 {[%emt 0:00:00]} 22. Rxc2 {[%emt 0:02:00]} Rd5 {[%emt 0:03:30]} 23. Re1 {[%emt 0:05:30]} Rhd8 {[%emt 0:01:30]} 24. c6 {[%emt 0:03:30]} bxc6 {[%emt 0:03:30]} 25. Bf3 {[%emt 0:00:30]} Kb7 {[%emt 0:00:30]} 26. Bxd5 {[%emt 0:00:30]} Rxd5 {[%emt 0:00:30]} 27. Bxe5 {[%emt 0:00:30]} Bxe5 {[%emt 0:00:30]} 28. g3 {[%emt 0:01:30]} Bc7 {[%emt 0:00:30]} 29. Rec1 {[%emt 0:00:30]} Bb6 {[%emt 0:00:30]} 30. Rxc6 {[%emt 0:00:30]} Rd2 {[%emt 0:00:30]} 31. R6c2 {[%emt 0:00:30]} 1-0

[Event "TUR-ch Men 2018"]
[Site "Kemer"]
[Date "2018.10.17"]
[Round "9.5"]
[White "Soysal, Serkan"]
[Black "Gunduz, Umut Erdem"]
[Result "1-0"]
[WhiteElo "2415"]
[BlackElo "2205"]
[Annotator "TA"]
[PlyCount "71"]
[EventDate "2018.10.26"]
[EventType "tourn"]
[EventCountry "TUR"]
[SourceTitle "playchess.com"]
[Source "ChessBase"]
[SourceQuality "1"]

{[%evp 20,71,95,43,81,38,53,63,58,9,21,0,0,-16,0,0,0,0,0,0,0,0,0,0,0,-41,-52,-42,-45,-41,-51,-64,-46,-51,-7,-17,-44,-47,-56,-91,-91,-86,-25,-8,0,-939,1169,1076,29963,29966,2998,2613,5235,1005]} 1. Nf3 {Peric,M} Nf6 2. c4 c5 3. Nc3 d5 4. cxd5 Nxd5 5. d4 Nxc3 6. bxc3 g6 7. e4 Bg7 8. Be3 O-O 9. Be2 Nc6 10. O-O Qa5 11. Qb3 {LiveBook: 3 Partien. D85: Grünfeldindisch (Abtauschvariante, 7.Sf3 bzw nicht 7.Lc4)} ({Günstiger ist} 11. d5 $16 Ne5 12. Nxe5 Bxe5 13. Rc1) 11... Bg4 (11... cxd4 12. cxd4 Qb4 13. Qxb4 Nxb4 14. Rfc1 b6 15. a3 Ba6 16. Kf1 Bxe2+ 17. Kxe2 Na6 18. Rc2 Rfc8 {½-½ (33) Gonzalez Garcia,J (2498)-Jerez Perez,A (2406) Barcelona 2017}) 12. Rad1 ({Doch nicht} 12. Qxb7 Bxf3 13. Bxf3 cxd4 $15) 12... Rad8 13. d5 {Weiß steht etwas besser.} Ne5 14. c4 $146 ({Vorgänger:} 14. Qxb7 Nxf3+ 15. Bxf3 Rd7 16. Qb3 Bxf3 17. gxf3 Bxc3 18. Rc1 Bd4 19. Bxd4 cxd4 {1-0 (31) Misojcic,M-Dimitrijevic,D Belgrade 1980 EXT 2004 [Peric,M]}) 14... Qc7 15. Rfe1 Nxf3+ $1 16. gxf3 Bc8 17. f4 e5 18. Qa3 b6 19. Qc1 f5 20. fxe5 Qxe5 {Weiss muss nun ...f4 beachten.} 21. Bf4 $1 {[%cal Rf4e5]} Qxe4 22. Bf1 {[#]} Bb2 $1 {[%mdl 512] Droht ...Dxe1 und aus.} 23. Qd2 {[#]} (23. Qxb2 Qxf4) 23... Bc3 $1 {[%mdl 512]} 24. Qxc3 Qxf4 25. Bg2 Qd6 26. Re5 f4 {[%cal Bf5f4,Bf4f3][%mdl 32]} 27. Rde1 Qf6 28. Qf3 Bd7 29. Qa3 f3 30. Bf1 Qh4 (30... Rf7 $17) 31. Qxa7 Rf4 {( -> ...Tg4+)} 32. Qc7 $2 {[%mdl 8192]} (32. Kh1 $11) 32... Rxc4 $4 {[%mdl 8192]} (32... Rg4+ $19 33. Kh1 Rf8) 33. Re7 $18 Rg4+ 34. Kh1 Rf8 35. Qxd7 {Weiss will mit Tg7+ Matt setzen.} Rg5 36. Qh3 {Precision: Weiß = 48%, Schwarz = 34%.} (36. Qe6+ $142 Kh8 37. Re8) 1-0

[Event "TUR-ch Men 2018"]
[Site "Kemer"]
[Date "2018.10.17"]
[Round "9.6"]
[White "Gulbas, Cemil"]
[Black "Ozen, Deniz"]
[Result "0-1"]
[WhiteElo "2392"]
[BlackElo "2411"]
[Annotator "TA"]
[PlyCount "146"]
[EventDate "2018.10.26"]
[EventType "tourn"]
[EventCountry "TUR"]
[SourceTitle "playchess.com"]
[Source "ChessBase"]
[SourceQuality "1"]

{[%evp 22,146,31,33,39,21,29,1,68,70,70,63,74,69,78,77,55,62,79,77,106,96,127,112,106,85,110,83,88,-150,-148,-139,-142,-186,-168,-177,-129,-191,-125,-186,-183,-260,-258,-351,-328,-368,-367,-366,-269,-272,-272,-280,-280,-280,-270,-279,-278,-279,-279,-279,-278,-253,-224,-279,-274,-278,-273,-343,-337,-325,-292,-343,-336,-485,-445,-318,-318,-318,-318,-318,-318,-1058,-1031,-933,-875,-633,-318,-318,-318,-318,-318,-318,-318,-318,-263,-318,-288,-29964,-29963,-29963,-29964,-29968,-29969,-29973,-29974,-29974,-29975,-29975,-29976,-29976,-29976,-29978,-29979,-29979,-29980,-29980,-29981,-29981,-29982,-29982,-29983,-29994,-29995,-29995,-29986,-29986,-80]} 1. d4 Nf6 2. c4 c6 3. Nf3 d5 4. Qc2 dxc4 5. Qxc4 Bf5 6. g3 e6 7. Bg2 Nbd7 8. O-O Be7 9. Nc3 h6 {D23: Queen's Gambit Accepted: 3 Nf3 Nf6 sidelines} 10. Re1 O-O 11. e4 Bh7 12. Qe2 {LiveBook: 4 Games} Bb4 13. Nd2 e5 14. a3 exd4 $146 ({Black should play} 14... Ba5 $1 $11 15. dxe5 Nxe5) 15. axb4 $14 {aiming for Na4.} dxc3 16. bxc3 Re8 17. f3 Ne5 18. Nc4 Nxc4 19. Qxc4 Nd7 {[%cal Bf6d7,Bd7e5,Be5f3][%mdl 32]} 20. Be3 Ne5 21. Qe2 a6 22. Rad1 Qc7 23. Qf2 b5 24. Bb6 Qb7 25. Bf1 $2 (25. Bc5 $16 {and life is bright.}) 25... Nxf3+ $1 $17 26. Qxf3 {Hoping for Bc5.} Qxb6+ 27. Kg2 Qc7 28. Rd4 Qe5 29. Kg1 (29. Qf4 $17) 29... Rad8 (29... a5 $1 $19 {Threatens to win with ...axb4.} 30. bxa5 Rxa5) 30. Qf2 (30. Rxd8 $17 Rxd8 31. Qe3) 30... Rxd4 $1 $19 31. cxd4 (31. Qxd4 $142 Qxd4+ 32. cxd4) 31... Qd6 32. e5 Qxb4 33. Bg2 Qc4 34. Qe3 Rd8 35. Rc1 Qxd4 36. Qxd4 Rxd4 37. Rxc6 {[%mdl 4096] Endgame Intending Rc8+ and mate. KRB-KRB} Be4 $1 {[%cal Re4c6]} 38. Rxa6 Rd1+ 39. Kf2 Bxg2 40. Kxg2 {KR-KR} Re1 41. Ra8+ Kh7 42. Re8 Re2+ 43. Kg1 h5 44. h3 g5 {[%cal Bg7g5,Bg5g4][%mdl 32]} 45. Kf1 Re4 46. Kf2 g4 47. h4 (47. hxg4 $142 hxg4 48. Kg2) 47... Kg7 48. Kf1 Re3 49. Kf2 Rf3+ 50. Kg2 b4 {[%cal Bb5b4,Bb4b3][%mdl 32]} 51. Rb8 $2 (51. e6 fxe6 52. Rxe6) 51... b3 52. Rb6 Kf8 53. e6 fxe6 54. Rxe6 Rc3 55. Kf2 b2 56. Rb6 Rc2+ 57. Ke3 Ke7 58. Kf4 {intending Kg5.} Kd7 59. Kg5 $2 (59. Ke3 $19) 59... Kc7 {Black mates.} 60. Rb3 Kc6 $1 61. Kg6 Rd2 62. Kxh5 Rd5+ 63. Kxg4 Rb5 64. Rxb2 Rxb2 {KR-KPP} 65. Kf5 Rh2 66. Kg6 Rg2 67. h5 Rxg3+ {KR-KP} 68. Kf7 {[#]} Rh3 $1 69. Kg6 Kd7 70. h6 {[#]} Ke7 $1 {[%cal Re7f8]} 71. Kg7 Rg3+ 72. Kh8 Kf7 73. h7 Kg6 {Precision: White = 35%, Black = 79%.} 0-1

[Event "TUR-ch Men 2018"]
[Site "Kemer"]
[Date "2018.10.17"]
[Round "10.1"]
[White "Erdogdu, Mert"]
[Black "Ozen, Deniz"]
[Result "1-0"]
[WhiteElo "2406"]
[BlackElo "2411"]
[Annotator "TA"]
[PlyCount "77"]
[EventDate "2018.10.26"]
[EventType "tourn"]
[EventCountry "TUR"]
[SourceTitle "playchess.com"]
[Source "ChessBase"]
[SourceQuality "1"]

{[%evp 22,77,0,1,12,4,20,0,8,0,-13,-14,0,-15,-17,-52,-52,-31,-50,-63,-58,-96,-107,-112,-86,-126,-119,-99,57,0,0,0,191,191,188,182,234,236,6337,6337,6315,1028,6315,6315,1951,1484,6311,6311,6299,6299,5281,5265,5265,5265,5265,1905,1818,1602]} 1. e4 e6 2. d4 d5 3. Nc3 Nf6 4. Bg5 Bb4 5. e5 h6 6. Be3 Ne4 7. Qg4 g6 8. a3 {C12: French: Classical System: McCutcheon Variation} h5 (8... Bxc3+ 9. bxc3 Nxc3 10. Bd3 b6 11. h4 Ba6 12. h5 g5 13. f4 gxf4 14. Bxf4 Kd7 15. Bd2 Ne4 16. Bxe4 dxe4 17. Qxe4 Kc8 {0-1 (76) Gashimov,V (2746)-Nakamura,H (2774) Monte Carlo 2011 CBM 142 [Mekhitarian,K]}) 9. Qf4 g5 10. Qf3 Bxc3+ 11. bxc3 c5 12. Bd3 {LiveBook: 40 Games. Threatening Ne2.} Nxc3 13. dxc5 d4 14. Bd2 Bd7 15. Bxc3 (15. Qxb7 $2 Bc6 $19) 15... Bc6 16. Be4 {Strongly threatening Rd1.} dxc3 17. Rd1 Qc7 $1 {[%cal Rc7e5]} 18. Rd6 $146 ({Predecessor:} 18. Bxc6+ Nxc6 {½-½ (30) Jong,E (2034)-Liedl,W (2401) ICCF email 2015}) 18... Bxe4 19. Qxe4 Qxc5 {Hoping for ...Nc6.} 20. Nf3 Nc6 {...g4 is the strong threat.} 21. O-O {Threatens to win with Rfd1.} g4 22. Rfd1 gxf3 {[#]} 23. Rxe6+ $1 {[%mdl 512]} Ne7 $1 (23... fxe6 $6 24. Qg6+ Kf8 25. Qf6+ Ke8 26. Qg6+ Kf8 27. Qf6+ Ke8 28. Qxh8+ Qf8 29. Qxh5+ Qf7 30. Qh8+ Qf8 31. Qh5+ Qf7 32. Qh8+ Qf8 33. Qh5+ $11) (23... Kf8 24. Rd7 $1 $16 {[%mdl 512]}) 24. Red6 Nc6 $2 (24... Qb5 $17 25. Rd7 Qxd7 26. Rxd7 Kxd7 27. e6+ Ke8 28. Qxb7 Rd8 29. exf7+ Kf8 30. Qxf3 Rh6) 25. Qxf3 (25. e6 $1 $14) 25... Qxe5 $11 {White must now prevent ...Rd8.} 26. R6d5 $1 {[%cal Rd5e5]} (26. Rxc6 $2 bxc6 27. Qxc6+ Ke7 $19) 26... Qg7 $2 {[#]} (26... Qe7 $1 $11 {and Black is okay.}) 27. Qe3+ $1 $40 {[%mdl 128] White is out for blood.} Ne7 (27... Kf8 $2 28. Qc5+ Kg8 29. Rg5 $18) 28. Rd7 {[%csl Gd7][%cal Re3e7]} f6 (28... O-O $142) 29. Qe6 ({Don't take} 29. Rxb7 $6 Kf8 $16) ({Weaker is} 29. Qxc3 O-O $14) 29... Rg8 $2 {[#]} (29... h4 30. Re1 (30. Rxb7 h3 $18) 30... Rh7 31. Rxb7 (31. Rxe7+ Qxe7 32. Qg8+ Kd7 $16) 31... Rd8 32. Rxa7 Qf7 33. Rxe7+ Qxe7 34. Qg8+ Kd7 35. Qg4+ Ke8 36. Rxe7+ Rxe7 37. Qg6+ Rf7) 30. Rxe7+ $1 {[%mdl 512] White is clearly winning.} Qxe7 31. Qxg8+ {[%mdl 4096] Endgame KQR-KQR} Qf8 32. Qh7 {[%csl Gd1][%cal Rh7d7]} Qe7 33. Qh8+ Qf8 34. Qxh5+ Qf7 35. Re1+ Kf8 36. Qh8+ Qg8 37. Qxf6+ Qf7 38. Qd6+ (38. Qh6+ $142 Qg7 39. Qd6+ Kg8 40. Re7) 38... Kg8 39. Re7 {Precision: White = 70%, Black = 56%.} 1-0

[Event "TUR-ch Men 2018"]
[Site "Kemer"]
[Date "2018.10.17"]
[Round "10.2"]
[White "Gunduz, Umut Erdem"]
[Black "Gulbas, Cemil"]
[Result "0-1"]
[WhiteElo "2205"]
[BlackElo "2393"]
[Annotator "TA"]
[PlyCount "72"]
[EventDate "2018.10.26"]
[EventType "tourn"]
[EventCountry "TUR"]
[SourceTitle "playchess.com"]
[Source "ChessBase"]
[SourceQuality "1"]

{[%evp 17,72,58,79,43,65,58,54,-10,-27,-88,66,41,66,54,45,66,91,84,175,180,163,155,170,164,174,122,161,-7,0,0,0,-203,-204,-265,-262,-251,766,766,727,675,735,720,29984,374,336,318,421,-219,0,-260,-267,-757,-754,-733,-737,-2394,-2269]} 1. e4 c5 2. Nf3 e6 3. d4 cxd4 4. Nxd4 Nf6 5. Nc3 d6 6. g4 a6 7. g5 Nfd7 8. Be3 b5 9. a3 Bb7 {LiveBook: 125 Games. B81: Sicilian Scheveningen: Keres Attack} 10. Qe2 (10. f4 Nc6 11. Nxc6 Bxc6 12. Qd2 Rb8 13. Bg2 Be7 14. O-O h6 15. h4 hxg5 16. hxg5 Qc7 17. Rae1 {1-0 (41) Amonatov,F (2592)-Artemiev,V (2671) St Petersburg 2015}) 10... Nb6 $146 ({Predecessor:} 10... Ne5 11. O-O-O Nbd7 12. Kb1 Rc8 13. Bc1 Nc4 14. Na2 Nc5 15. Bg2 e5 16. Nf5 g6 17. Nh6 Bxh6 18. gxh6 {1-0 (41) Rasmussen,K-Ejsing,E Aarhus 1984}) 11. O-O-O N8d7 {White is slightly better.} 12. Nb3 (12. h4 $14) 12... Rc8 $11 13. f4 (13. Bd2 $11 {remains equal.}) 13... Be7 $2 (13... Rxc3 $17 14. bxc3 Na4) 14. Bd4 $1 $14 O-O 15. h4 $1 {[%cal Bh2h4,Bh4h5,Bh5g6][%mdl 32]} Qc7 16. Bh3 Rfe8 17. h5 Bf8 (17... Na4 $16 {is a better defense.}) 18. g6 $1 $18 fxg6 19. hxg6 h6 20. Qg4 {Qxe6+! is the strong threat.} e5 21. fxe5 dxe5 22. Be3 $2 ({Only move:} 22. Bxb6 $1 $18 Nxb6 23. Qf3) 22... Nf6 (22... Bxa3 $5 23. Rd3 $8 Nf6 $15) 23. Qh4 $36 {[%mdl 2048] Threatens to win with Bxh6! Black is under pressure.} Bxa3 $1 24. Kb1 $2 (24. Bxc8 $11 {and White stays safe.} Rxc8 25. Kb1 Nxe4 26. Bxb6 Nxc3+ 27. bxc3 Qxb6 28. Qg4) 24... Nxe4 $1 $19 (24... Bxb2 25. Bxc8 Rxc8 26. Bxh6 $16) 25. Bxc8 Nxc3+ (25... Rxc8 26. Bxb6 Nxc3+ 27. bxc3 $17) 26. bxc3 Qxc3 $4 {[%mdl 8192] [#]} ({Don't do} 26... Bxc8 27. Bxb6 Qxb6 28. Rhf1 $17) ({Not} 26... Nxc8 27. Rhf1 $15) ({Weaker is} 26... Rxc8 27. Bxb6 Qxb6 28. Qg4 $17) (26... Qxc8 27. Bxh6 $1 {[%mdl 512]} Be4 28. Bxg7 $18) (26... Bxh1 $19 27. Qxh1 Rxc8 28. Bxb6 Qxb6 29. Qd5+ Kh8) 27. Be6+ $1 $18 {[%mdl 512]} Kh8 (27... Rxe6 28. Rd8+) 28. Bc1 $1 Bxc1 29. Kxc1 Na4 30. Rd3 $2 (30. Rd8 {mates} Qb2+ 31. Kd1 Bf3+ 32. Ke1 Qc3+ 33. Kf1 Bg2+ 34. Kxg2 Qxc2+ 35. Kf1 Qxg6 36. Qe7 Qd3+ 37. Rxd3 Rxe7 38. Rd6) 30... Qb2+ 31. Kd2 {Intending Qe7! and mate.} Bxh1 {[#]} 32. Qd8 $4 {[%mdl 8192] [#]} (32. Qe7 $3 $18 {[%cal Re7e8][%mdl 512] is the narrow road to win.} Bc6 (32... Rxe7 33. Rd8+) 33. Rf3 $1 {[%mdl 512]} Qc3+ 34. Rxc3 Rxe7 35. Rxc6) 32... Bc6 $2 ({Black should try} 32... Qc3+ $1 $19 {[%mdl 512]} 33. Kc1 (33. Rxc3 Rxd8+) 33... Qe1+ 34. Rd1 Qe3+ 35. Qd2 Qxd2+ 36. Rxd2 Be4) 33. Bf7 $2 {[%mdl 8192] [#]} (33. Qc7 $1 $11 Be4 34. Qf7) 33... Qc3+ $1 $19 {[%mdl 512]} 34. Ke2 $2 (34. Kc1 Qe1+ 35. Rd1 Rxd8 36. Rxe1) (34. Rxc3 Rxd8+) 34... Qxc2+ {Black is clearly winning.} 35. Nd2 e4 36. Rd6 {[#]} Qd3+ $1 {[%mdl 512] Precision: White = 43%, Black = 43%.} 0-1

[Event "TUR-ch Men 2018"]
[Site "Kemer"]
[Date "2018.10.17"]
[Round "10.3"]
[White "Zor, Alber Kadir"]
[Black "Soysal, Serkan"]
[Result "1-0"]
[WhiteElo "2167"]
[BlackElo "2415"]
[Annotator "TA"]
[PlyCount "89"]
[EventDate "2018.10.26"]
[EventType "tourn"]
[EventCountry "TUR"]
[SourceTitle "playchess.com"]
[Source "ChessBase"]
[SourceQuality "1"]

{[%evp 20,89,17,1,21,21,39,21,38,39,61,27,11,17,25,20,28,9,51,28,93,0,0,-19,-17,-17,-16,-16,-24,-19,34,37,35,36,130,100,107,102,111,101,97,33,43,33,33,20,304,304,29991,29992,29992,29993,29993,29994,29994,29989,29989,0,29994,0,29989,29990,29990,29990,29990,29991,29992,29993,29993,29994,29994,29993]} 1. e4 e5 2. Nf3 Nc6 3. Bc4 Bc5 4. c3 {[%cal Bc2c3,Bc3d4][%mdl 32]} Nf6 5. d4 exd4 6. e5 d5 7. Bb5 Ne4 8. cxd4 Bb6 9. h3 O-O 10. O-O Ne7 {C54: Giuoco Piano: 4 c3 Nf6, main lines with 5 d4 and 5 d3} (10... f6 11. Bxc6 bxc6 12. Be3 f5 13. Qc1 f4 14. Bxf4 c5 15. dxc5 Nxc5 16. Be3 Nd3 17. Qd1 Ba6 18. Nc3 {1-0 (58) Jobava,B (2707)-Kramnik,V (2808) Leuven 2017}) 11. Nc3 {LiveBook: 3 Games} c6 12. Bd3 f5 $146 {The position is equal.} ({Predecessor:} 12... Bf5 13. Be3 Nxc3 14. bxc3 Qd7 15. a4 Ng6 16. Qb1 Bxd3 17. Qxd3 f6 18. exf6 Rxf6 {0-1 (57) Pugachov,A (2499)-Zaiatz,E (2332) chessassistantclub.com INT 2004}) 13. exf6 Nxf6 14. Qc2 Bc7 15. Bg5 h6 16. Bh4 Nh5 {[#] Threatens to win with ...Rxf3!} 17. Ne5 g5 18. Bg3 $1 Nxg3 19. fxg3 Be6 (19... Bb6 $11 {remains equal.} 20. Ne2 Be6) 20. Bh7+ (20. Na4 $16) 20... Kg7 $11 21. Ng6 Rxf1+ 22. Rxf1 Bf5 23. Rxf5 Nxf5 24. Qxf5 Qd6 (24... Bb6 $11 25. Ne2 Qc8) 25. Ne5 $14 {[#] Qf7+ would kill now.} Rf8 26. Qd3 Bb6 (26... Qe6 $14) 27. Nf3 Rh8 28. Bf5 Qxg3 29. Ne2 Qd6 30. g4 (30. Qe3 $16) 30... Re8 31. Kg2 $36 {[%mdl 2048] White has some pressure.} Bc7 32. Ne5 {And now Ng3 would win.} Rf8 $2 {[%mdl 8192]} (32... c5 $1 $11 {and Black has nothing to worry.}) 33. Ng3 $18 Qb4 $2 (33... Qe7 $18 34. Ng6 Qe8 35. Nh5+ Kg8 36. Nxf8 Kxf8) 34. Nh5+ Kh8 35. Ng6+ Kg8 36. Be6+ Rf7 37. Nf6+ Kg7 38. Nh5+ Kg8 39. Nf6+ Kg7 40. Ne8+ {White mates.} Kg8 41. Bxf7+ Kxf7 42. Nxc7 Qxb2+ 43. Kg3 Kg8 44. Ne5 Kh8 45. Qf3 {Precision: White = 51%, Black = 47%.} 1-0

[Event "TUR-ch Men 2018"]
[Site "Kemer"]
[Date "2018.10.17"]
[Round "10.4"]
[White "Yilmazyerli, Mert"]
[Black "Baglan, Esat"]
[Result "1-0"]
[WhiteElo "2442"]
[BlackElo "2343"]
[Annotator "TA"]
[PlyCount "59"]
[EventDate "2018.10.26"]
[EventType "tourn"]
[EventCountry "TUR"]
[SourceTitle "playchess.com"]
[Source "ChessBase"]
[SourceQuality "1"]

{[%evp 14,59,0,0,52,31,20,33,61,6,31,0,4,0,0,0,0,-27,-41,-25,-16,-19,-13,-8,27,24,22,23,37,18,49,52,101,133,100,47,50,2,33,33,108,99,320,330,1314,1296,1444,1416]} 1. e4 c6 2. d4 d5 3. Nc3 dxe4 4. Nxe4 Bf5 5. Ng3 Bg6 6. f4 e6 7. Nf3 Nd7 8. Bd3 {LiveBook: 9 Games} Qc7 {B18: Classical Caro-Kann: 4...Bf5 sidelines} (8... Bd6 $11) (8... Bxd3 9. Qxd3 g6 10. Bd2 Ngf6 11. h4 h5 12. O-O-O Bg7 13. Ng5 O-O 14. Bb4 Re8 15. Kb1 Qb6 16. c3 Qb5 17. Qxb5 cxb5 18. N3e4 {½-½ (18) Canibal,J (2374)-Sykora,J (2380) ICCF email 2012}) 9. O-O Bxd3 10. Qxd3 O-O-O {White is slightly better.} 11. Qe2 $146 ({White should try} 11. c3 $14) ({Predecessor:} 11. f5 e5 12. Ng5 Ndf6 13. Qb3 Nh6 14. dxe5 Bc5+ 15. Kh1 Qxe5 16. Nxf7 Nxf7 17. Qxf7 {1-0 (51) Riabov,A (2151)-Gombar,P (2021) Slovakia 2006}) 11... Nh6 12. Kh1 Nf5 13. Ne4 Nf6 14. c3 c5 15. Bd2 Nxe4 ({Much weaker is} 15... cxd4 16. cxd4 Kb8 17. Rac1 $14) 16. Qxe4 Be7 17. Rfd1 Bf6 18. Be1 $1 Kb8 19. d5 Nd6 20. Qa4 Rhe8 21. Ne5 exd5 22. Rxd5 Bxe5 23. fxe5 Nf5 24. Rxd8+ ({White should play} 24. Rad1 $16) 24... Rxd8 $14 25. Qe4 Qd7 26. Bf2 b6 {[#]} (26... g6 $14) 27. a4 $1 $16 Ne7 $2 (27... g6 $16) 28. e6 $1 $18 {[%cal Re6d7]} ({Worse is} 28. Qxh7 Qd2 $11) 28... Qxe6 $2 (28... Qb7 29. Qe5+ (29. Qxh7 fxe6 30. Qxg7 Ka8 $16) 29... Ka8) 29. Bg3+ Kc8 30. Qa8+ {Precision: White = 47%, Black = 24%.} 1-0

[Event "TUR-ch Men 2018"]
[Site "Kemer"]
[Date "2018.10.17"]
[Round "10.5"]
[White "Apaydin, Fethi"]
[Black "Sevgi, Volkan"]
[Result "1/2-1/2"]
[WhiteElo "2353"]
[BlackElo "2296"]
[Annotator "TA"]
[PlyCount "78"]
[EventDate "2018.10.26"]
[EventType "tourn"]
[EventCountry "TUR"]
[SourceTitle "playchess.com"]
[Source "ChessBase"]
[SourceQuality "1"]

{[%evp 18,78,4,-5,0,-28,-21,-29,33,14,54,26,41,36,54,41,54,9,13,7,12,0,0,0,17,0,21,0,0,0,0,-6,0,0,23,0,14,0,0,0,0,0,0,0,0,0,0,0,0,0,0,0,0,0,0,0,0,0,0,0,0,0,0]} 1. e4 c6 2. Nc3 d5 3. Nf3 Bg4 4. h3 Bxf3 5. Qxf3 e6 6. d3 g6 {B11: Caro-Kann: Two Knights Variation} 7. Be2 Bg7 8. Qg3 Nd7 9. O-O Ne7 10. Bf4 {LiveBook: 3 Games} (10. Kh1 O-O 11. f4 Kh8 12. Bf3 b5 13. a3 a5 {1-0 (69) McShane,L (2672)-Rodshtein,M (2674) Batumi 2018}) 10... e5 11. Bd2 $146 ({Predecessor:} 11. Bg5 f6 12. Bd2 d4 13. Nd1 Qc7 14. f4 {0-1 (39) Ismailov,T (2027)-Tokhirjanova,H (2135) Dushanbe 2013}) 11... O-O 12. h4 f5 (12... h5 $11) 13. exd5 Nxd5 (13... cxd5 {is more complex.} 14. Bg5 Bf6 15. Bf3 Bxg5 16. hxg5 d4) 14. Nxd5 (14. h5 {feels hotter.} Qf6 15. Nxd5 cxd5 16. Rac1 gxh5 17. Qf3) 14... cxd5 15. h5 Qb6 16. hxg6 Qxg6 17. Qxg6 hxg6 18. c3 Nc5 19. b4 Ne6 20. Bd1 Rad8 21. Bb3 Kh7 22. Rfe1 g5 23. f3 {[%cal Bf2f3,Bf3g4][%mdl 32]} Kg6 24. g3 g4 25. fxg4 f4 26. Kg2 fxg3 {The position is equal.} 27. Kxg3 e4 {[#] White must now prevent ...Rf3+.} 28. dxe4 dxe4 29. Rad1 ({Much worse is} 29. Rxe4 Rd3+ 30. Be3 Ng5 $17) 29... Rf3+ 30. Kg2 Rxd2+ 31. Rxd2 Nf4+ 32. Kh1 Bxc3 33. Rd6+ Kg5 34. Rxe4 {[#] Kh2 is the strong threat.} Kh4 $1 35. Bd1 Rf1+ 36. Kh2 {And now g5 would win.} Rf2+ 37. Kh1 Rf1+ 38. Kh2 {Threatens to win with g5.} Rf2+ 39. Kh1 {aiming for g5.} Rf1+ {Precision: White = 69%, Black = 65%.} 1/2-1/2

[Event "TUR-ch Men 2018"]
[Site "Kemer"]
[Date "2018.10.17"]
[Round "10.6"]
[White "Soylu, Suat"]
[Black "Koksal, Ege"]
[Result "1/2-1/2"]
[WhiteElo "2327"]
[BlackElo "2351"]
[Annotator "TA"]
[PlyCount "78"]
[EventDate "2018.10.26"]
[EventType "tourn"]
[EventCountry "TUR"]
[SourceTitle "playchess.com"]
[Source "ChessBase"]
[SourceQuality "1"]

{[%evp 17,78,22,22,16,27,0,27,27,27,23,29,29,29,29,29,29,36,29,31,25,23,23,31,0,0,0,0,0,0,0,0,0,0,0,0,0,0,0,0,0,0,0,0,0,51,56,82,47,67,38,126,120,113,0,0,0,108,0,0,0,83,0,0]} 1. e4 e5 2. Nf3 Nc6 3. Bb5 a6 4. Bxc6 dxc6 5. Nc3 Bg4 6. h3 Bxf3 7. Qxf3 Qf6 8. Qg3 Bd6 9. d3 Ne7 {LiveBook: 3 Games. C68: Ruy Lopez: Exchange Variation, sidelines} 10. Bg5 (10. h4 h5 11. Bg5 Qg6 12. Qh3 f6 13. Be3 Qf7 14. O-O-O Ng6 15. g4 Nf8 16. g5 Ne6 17. g6 {½-½ (27) Korneev,O (2587)-Miton,K (2628) Elgoibar 2007}) 10... Qg6 11. Bxe7 $146 {[#] Black must now prevent Bg5.} ({Predecessor:} 11. Qe3 f6 12. Bh4 Qxg2 13. O-O-O Qg6 14. Rdg1 Qh5 15. Bg3 b6 16. Re1 Bc5 17. Qd2 {0-1 (34) Aguilar Medina,J (1578)-Senovilla Rodriguez,R (1933) ICCF email 2014}) 11... Kxe7 (11... Qxg3 {feels hotter.} 12. fxg3 Kxe7 13. Ke2 h5 14. Nb1 Ke6) 12. Qxg6 hxg6 13. Ke2 Rh4 14. Nb1 a5 15. a4 f6 16. Nd2 Rhh8 17. Nb3 g5 18. Rhd1 g6 19. c3 b6 20. d4 Rh4 21. f3 f5 22. dxe5 Bxe5 23. Nd4 Bxd4 24. Rxd4 $11 {[%mdl 4096] Endgame KRR-KRR} c5 25. Rd3 fxe4 26. Re3 Kf6 27. Rxe4 Rxe4+ 28. fxe4 {KR-KR} Ke5 29. Ke3 Rd8 30. Rf1 c4 (30... Ke6 $11) 31. Rf7 $14 Rd3+ 32. Ke2 c5 33. Rb7 g4 (33... Rd6 $14) 34. hxg4 $16 Rd6 35. Ke3 {[#] Re7+ is the strong threat.} Rd3+ $1 36. Ke2 Rd6 37. Ke3 {Hoping for Re7+.} Rd3+ $1 38. Ke2 Rd6 39. Ke3 (39. Re7+ $16 Kf4 40. g5) 39... Rd3+ $1 {Precision: White = 51%, Black = 66%.} 1/2-1/2